00270nam a2200121Ia 4500008004100000100000900041245003100050260002500081300000800106650001000114942000700124999001700131190216s9999||||xx |||||||||||||| ||und|| aNull 0aHindi-Ishabashyom Paniband bPragathi Prakashan a158 aHindi cBK c15667d15667